| 000 | 00328 a2200133 4500 | ||
|---|---|---|---|
| 001 | 58252 | ||
| 082 | _aclosed shelve | ||
| 090 |
_c35749 _d35749 |
||
| 100 | _aHayt William | ||
| 245 | _aEngineering circuit analysis,4/e solution manual | ||
| 250 | _a4 | ||
| 260 |
_aRisalpur _bDanial _c1986 |
||
| 655 | _ainstructor manual | ||
| 942 |
_aNUST-CAE _kclosed shelve |
||
| 999 |
_c293325 _d293325 |
||